Britanskij opyt.
Veľká Británia ako prvá krajina na západe uskutočnila masívnu privatizáciu a dosiahla najväčšie výsledky. Charakteristika príčin a cieľov privatizácie, výberu metód privatizácie, jej rozsahu a chronológie, foriem predaja štátnych podnikov, štruktúry kupujúcich privatizované podniky, skúsenosti priva...
Salvato in:
| Autore principale: | |
|---|---|
| Natura: | Capitolo di libro |
| Lingua: | russo |
| Soggetti: | |
| Tags: |
Nessun Tag, puoi essere il primo ad aggiungerne!!
|
MARC
| LEADER | 00000naa a2200000 4500 | ||
|---|---|---|---|
| 001 | r006546 | ||
| 005 | 20221130103652.4 | ||
| 041 | 0 | |a rus | |
| 044 | |a [SU] | ||
| 245 | 1 | 0 | |a Britanskij opyt. |c V. Studencov |
| 520 | |a Veľká Británia ako prvá krajina na západe uskutočnila masívnu privatizáciu a dosiahla najväčšie výsledky. Charakteristika príčin a cieľov privatizácie, výberu metód privatizácie, jej rozsahu a chronológie, foriem predaja štátnych podnikov, štruktúry kupujúcich privatizované podniky, skúsenosti privatizácie odvetví komunálneho hospodárstva a činnosti privatizovaných podnikov. | ||
| 610 | 2 | 0 | |a Veľká Británia |
| 610 | 2 | 0 | |a privatizácia |
| 610 | 2 | 0 | |a podnik štátny |
| 610 | 2 | 0 | |a hospodárstvo komunálne |
| 610 | 2 | 0 | |a metodika |
| 610 | 2 | 0 | |a nástroje ekonomické |
| 100 | 1 | |a Studencov, V. | |